000 00216 a2200097 4500
001 47647
100 _aHoward C
245 _aBadges on battledress
260 _aLondon
_bGale & polden ltd
_c
090 _c30658
_d30658
942 _aNUST-CAE
_cM
_c22956
999 _c282720
_d282720